00346nam a22001457a 4500003000400000008004100004020001800045082001800063100001400081245003800095250001100133260002700144300000800171650002100179OSt230505b |||||||| |||| 00| 0 eng d a9788131804094 a620.00151 BAT aBANSAL,RK aTextbook of Engineering Mechanics a6th Ed aNew DelhibLaxmic2023 a807 aDecentralization